<?xml version="1.0" encoding="UTF-8"?>
<collection xmlns="http://www.loc.gov/MARC21/slim">
 <record>
  <leader>00435pamaa2200157   4500</leader>
  <controlfield tag="001">0000018923</controlfield>
  <controlfield tag="005">20091005090000.0</controlfield>
  <datafield tag="020" ind1="0" ind2="0">
   <subfield code="a">074941247X </subfield>
  </datafield>
  <datafield tag="082" ind1=" " ind2=" ">
   <subfield code="a">658.812 MAR</subfield>
  </datafield>
  <datafield tag="090" ind1="0" ind2="0">
   <subfield code="a">HF5415.5 </subfield>
   <subfield code="b">MAR 1993</subfield>
  </datafield>
  <datafield tag="100" ind1="1" ind2="0">
   <subfield code="a">MARTIN </subfield>
  </datafield>
  <datafield tag="245" ind1="1" ind2="0">
   <subfield code="a">Quality customer service for front line staff  </subfield>
   <subfield code="c">William B. Martin.</subfield>
  </datafield>
  <datafield tag="260" ind1="0" ind2="0">
   <subfield code="a">California: </subfield>
   <subfield code="b">Kogan Page, </subfield>
   <subfield code="c">1993.</subfield>
  </datafield>
  <datafield tag="300" ind1=" " ind2=" ">
   <subfield code="a">96p.: </subfield>
   <subfield code="b">22cm.</subfield>
  </datafield>
  <datafield tag="440" ind1="0" ind2="0">
   <subfield code="a">Better management skills</subfield>
  </datafield>
  <datafield tag="650" ind1="0" ind2="0">
   <subfield code="a">Customer relations </subfield>
  </datafield>
 </record>
</collection>
